[Event "TCh-AUT 2 Mitte 2011-12"]
[Site "St. Veit AUT"]
[Date "2012.03.02"]
[Round "7"]
[White "Wertjanz,Dav"]
[Black "Supancic,D"]
[Result "1/2-1/2"]
[WhiteElo "2257"]
[BlackElo "2368"]

1.e4 d6 2.d4 Nf6 3.Nc3 c6 4.Nf3 Qa5 5.Bd3 e5 6.dxe5 dxe5 7.Bd2 Qc7 8.Bg5 Nbd7
9.O-O Be7 10.h3 O-O 11.a4 Nc5 12.Qe2 Ne6 13.Be3 Nh5 14.g3 g6 15.h4 Nc5 16.Nd2 Nxd3
17.cxd3 Rd8 18.Nb3 Be6 19.Nc5 Bh3 20.Rfd1 b6 21.Nb3 Be6 22.Nd2 Nf4 23.Bxf4 exf4
24.e5 fxg3 25.fxg3 Bc5+ 26.Kh2 Bd4 27.Re1 Bf5 28.Nf3 Bxd3 29.Qd2 Bc5 30.Qf4 Bf5
31.g4 Be6 32.Ne4 f5 33.gxf5 Bxf5 34.Nf6+ Kh8 35.h5 Be7 36.hxg6 Bxg6 37.Ng5 Bxf6
38.Qxf6+ Kg8 39.Qe6+ Kh8 40.Qf6+ Kg8 41.Qe6+ Kh8 42.Qf6+  1/2-1/2

[Event "TCh-AUT 2 Mitte 2011-12"]
[Site "St. Veit AUT"]
[Date "2012.03.02"]
[Round "7"]
[White "Felsberger,A"]
[Black "Jovanovic,Zo CRO"]
[Result "1/2-1/2"]
[WhiteElo "2361"]
[BlackElo "2589"]

1.e4 d6 2.d4 Nf6 3.Nc3 e5 4.Nf3 Nbd7 5.Bc4 Be7 6.O-O O-O 7.a4 c6 8.Re1 h6
9.Ba2 Re8 10.a5 Qc7 11.Bd2 Nf8 12.h3 Ng6 13.b4 Bf8 14.Bb3 Bd7 15.Qb1 b5 16.axb6 axb6
17.Rxa8 Rxa8 18.Qd1 b5 19.Qe2 Qb7 20.Qd3 Re8 21.Rd1 Rc8 22.Rb1 Be8 23.Be3 Be7
24.Qe2 Rb8 25.Qf1 Rc8 26.Qe2 Bd7 27.Kh2 exd4 28.Nxd4 Qc7 29.Kg1 Re8 30.Qd3 Qc8
31.Bd2 Bf8 32.Re1 Ne5  1/2-1/2

[Event "TCh-CZE Extraliga 2011-12"]
[Site "Czech Republic CZE"]
[Date "2012.03.03"]
[Round "7.5"]
[White "Ponizil,C"]
[Black "Nedela,V"]
[Result "0-1"]
[WhiteElo "2398"]
[BlackElo "2322"]

1.e4 d6 2.d4 Nf6 3.Nc3 c6 4.Be3 Qa5 5.Qd2 Ng4 6.Bg5 h6 7.Bh4 Nd7 8.f4 g5
9.h3 gxh4 10.hxg4 Nf6 11.g5 hxg5 12.fxg5 Ng4 13.Nf3 e5 14.Bc4 exd4 15.Qxd4 Qb6
16.O-O-O Qxd4 17.Rxd4 Be7 18.Kb1 Ne5 19.Be2 Ng6 20.Nd1 Nf4 21.Bc4 Ne6 22.Rd3 Nc5
23.Rd4 b5 24.Be2 Ne6 25.Rd2 Bd7 26.Nf2 O-O-O 27.Nh3 Kc7 28.Rdd1 Rdg8 29.Rhf1 Be8
30.c4 b4 31.e5 dxe5 32.Nxe5 Rg7 33.Bg4 Nxg5 34.Bd7 Nxh3 35.Bxe8 Rxe8 36.Rd7+ Kb6
37.gxh3 Bc5 38.Rf5 a5 39.Rd1 Rg1 40.Rxg1 Bxg1 41.Kc2 Re7 42.Kd3 a4 43.Nf3 Bc5
44.Re5 Rd7+ 45.Kc2 f6 46.Rf5 Rd6 47.Nxh4 Re6 48.Kd1 Bd4 49.b3 Re3 50.Rf3 Re4
51.Nf5 Bc3 52.Rf1 Re8 53.c5+ Kxc5 54.Ng3 Re3 55.Rf5+ Kb6 56.Ne2 Rd3+ 57.Kc1 axb3
58.axb3 Be5 59.h4 Rxb3  0-1

[Event "TCh-AUT 2 Mitte 2011-12"]
[Site "St. Veit AUT"]
[Date "2012.03.03"]
[Round "8"]
[White "Kotz,H"]
[Black "Jovanovic,Zo CRO"]
[Result "0-1"]
[WhiteElo "2349"]
[BlackElo "2589"]

1.e4 d6 2.d4 Nf6 3.Nc3 e5 4.Nf3 Nbd7 5.Bc4 Be7 6.O-O O-O 7.Re1 c6 8.a4 a5
9.Ba2 Qb6 10.h3 exd4 11.Nxd4 Nc5 12.Qf3 Be6 13.Nf5 Bxf5 14.Qxf5 Rae8 15.Rb1 Bd8
16.Be3 Nfd7 17.Red1 Qc7 18.Bd4 Bf6 19.Bxf6 Nxf6 20.Rd4 Re5 21.Qf3 Rfe8 22.b4 Ncxe4
23.bxa5 d5 24.Nxe4 Nxe4 25.g3 Ng5 26.Qc3 Ne4 27.Qf3 g6 28.Rb6 Rf5 29.Qe3 Re7
30.f4 h5 31.Rdb4 Nd6 32.Qc3 c5 33.Rb1 d4 34.Qf3 Re3 35.Rxb7 Nxb7 36.Qxb7 Rxg3+
37.Kh2 Qxb7 38.Rxb7 Rc3 39.Bb1 c4 40.a6 Ra5 41.a7 Kg7  0-1

[Event "TCh-BEL 2011-12"]
[Site "Belgium BEL"]
[Date "2012.03.04"]
[Round "9.4"]
[White "Winants,L"]
[Black "Bauer,Ch"]
[Result "1-0"]
[WhiteElo "2540"]
[BlackElo "2631"]

1.d4 d6 2.e4 Nf6 3.Nc3 Nbd7 4.Nf3 e5 5.Bc4 Be7 6.O-O O-O 7.Re1 c6 8.a4 a5
9.b3 exd4 10.Nxd4 Nb6 11.Bf1 d5 12.e5 Ne8 13.Bd3 g6 14.Nce2 Ng7 15.Nf4 Nd7
16.c3 Qc7 17.Nf3 Nc5 18.Bc2 Rd8 19.Qe2 b6 20.Nd4 Re8 21.Bd2 Bf6 22.exf6 Rxe2
23.Rxe2 Nge6 24.b4 axb4 25.cxb4 Bd7 26.Ndxe6 Nxe6 27.Nxe6 Bxe6 28.Bc3 Qf4
29.Bd3 d4 30.Re4 Qxf6 31.Bxd4 Qd8 32.Bf1 Bf5 33.Rf4 Qd6 34.Be3 Re8 35.Rd4 Qf6
36.a5 Rxe3 37.fxe3 Qe7 38.Kf2 c5 39.bxc5 bxc5 40.Rda4 Bc2 41.R4a3 Be4 42.a6 Ba8
43.a7 Kg7 44.Be2 Qh4+ 45.Kg1 Qg5 46.e4 c4 47.Bf3 Qc5+ 48.Kh1 c3 49.Ra5 Qe3
50.R5a2 Qd4 51.h3 Qe5 52.Rc1 h5 53.Ra3 h4 54.Rcxc3 Qg3 55.Ra1 Qg5 56.Rca3 Qe5
57.Rb1 Qc5 58.Rba1 Qe5 59.Ra5 Qf4 60.Rd5 Qc7 61.Rb5 Qc3 62.Rba5 Qe3 63.R5a2 Qf4
64.Rc2 Qe3 65.Rc7 g5  1-0

[Event "TCh-AUT 2 Ost 2011-12"]
[Site "Bruck AUT"]
[Date "2012.03.04"]
[Round "7"]
[White "Stranz,R"]
[Black "Weissenbeck,M"]
[Result "0-1"]
[WhiteElo "2196"]
[BlackElo "2300"]

1.e4 d6 2.d4 Nf6 3.Nc3 c6 4.a4 Nbd7 5.Nf3 e5 6.Bc4 Be7 7.O-O O-O 8.Qe2 Qc7
9.a5 b5 10.axb6 Nxb6 11.Bb3 Bg4 12.dxe5 dxe5 13.h3 Bh5 14.g4 Bg6 15.Nh4 Kh8
16.Nf5 Bb4 17.Na4 Rfe8 18.Bg5 Nfd7 19.Rfd1 Bf8 20.Nxb6 axb6 21.c3 Nc5 22.Bc2 Ne6
23.Be3 Bc5 24.b4 Bxe3 25.fxe3 f6 26.h4 Bf7 27.Qf1 Rxa1 28.Rxa1 Rd8 29.Bb3 b5
30.Rd1 Rxd1 31.Qxd1 Nd8 32.Bxf7 Nxf7 33.Kf2 g6 34.Ng3 Kg7 35.Ne2 Nd6 36.Ng3 Qd7
37.Kf3 Kf7 38.h5 Ke7 39.hxg6 hxg6 40.Qh1 Nf7 41.Ke2 Qxg4+ 42.Kf2 Ng5 43.Qg2 Qd1  0-1

[Event "2nd HD Bank Cup 2012"]
[Site "Ho Chi Minh City VIE"]
[Date "2012.03.04"]
[Round "5.16"]
[White "Ly,Mo"]
[Black "Olay,E"]
[Result "1/2-1/2"]
[WhiteElo "2402"]
[BlackElo "2361"]

1.e4 d6 2.d4 Nf6 3.Nc3 e5 4.Nf3 exd4 5.Nxd4 Be7 6.Bd3 O-O 7.O-O Re8 8.b3 Nbd7
9.Bb2 Bf8 10.Qd2 Nc5 11.Rae1 g6 12.f4 Bg7 13.b4 Nxd3 14.cxd3 c5 15.bxc5 dxc5
16.Nf3 Bg4 17.e5 Nd5 18.Ne4 Qb6 19.d4 cxd4 20.Nxd4 Red8 21.Kh1 Ne7 22.Nd6 Nf5
23.N4xf5 Bxf5 24.Bc3 Qa6 25.Qb2 Be6 26.a3 Qc6 27.Rc1 b6 28.Bb4 Qd5 29.Qf2 a5
30.Bc3 Qb3 31.Bd4 b5 32.Bc5 Rab8 33.Ba7 Ra8 34.Bc5 Rab8 35.Bb6 Rd7 36.Ba7 Ra8
37.Bc5 Rb8 38.Ne4 Ra8 39.Bd6 Rdd8 40.Nc5 Qa2 41.Rc2 Qd5 42.Qe2 Bf5 43.Rd1 Qc6
44.Rcc1 Qe8 45.Nb7 Rdc8 46.Bc5 Qe6 47.Qxb5 Be4 48.Nd6 Bxg2+ 49.Kxg2 Qg4+
50.Kh1 Qf3+ 51.Kg1 Qg4+  1/2-1/2

[Event "TCh-LTU 2012"]
[Site "Lithuania LTU"]
[Date "2012.03.04"]
[Round "7"]
[White "Narmontas,M"]
[Black "Martinkus,R"]
[Result "1-0"]
[WhiteElo "2398"]
[BlackElo "2224"]

1.e4 d6 2.d4 Nf6 3.Nc3 e5 4.Nge2 Nc6 5.h3 exd4 6.Nxd4 Nxe4 7.Nxe4 Qe7 8.f3 d5
9.Bb5 Bd7 10.Bxc6 bxc6 11.O-O dxe4 12.Re1 f5 13.fxe4 fxe4 14.c3 Qh4 15.Nf3 Bc5+
16.Be3 Qe7 17.Bxc5 Qxc5+ 18.Qd4 Qxd4+ 19.Nxd4 O-O 20.Rxe4 Rab8 21.b4 c5 22.bxc5 Rb2
23.Rf1 Rxf1+ 24.Kxf1 Bb5+ 25.Kg1 Bc4 26.Re8+ Kf7 27.Rc8 Rxa2 28.Rxc7+ Kf6
29.Rd7 Ra3 30.Rd6+ Kf7 31.c6 Rxc3 32.c7  1-0

[Event "TCh-LTU 2012"]
[Site "Lithuania LTU"]
[Date "2012.03.04"]
[Round "7"]
[White "Godlauskas,K"]
[Black "Barsciauskas,G"]
[Result "1-0"]
[WhiteElo "2259"]
[BlackElo "1837"]

1.e4 d6 2.d4 Nf6 3.Nc3 Nbd7 4.Nf3 e5 5.Bc4 exd4 6.Nxd4 Nc5 7.O-O Be7 8.Re1 O-O
9.Bf1 Re8 10.Qf3 Ng4 11.Nf5 Bxf5 12.Qxf5 Qd7 13.Qxd7 Nxd7 14.Nd5 Bd8 15.Bf4 Ngf6
16.Nc3 a6 17.Rad1 Nc5 18.f3 b5 19.Ne2 Ne6 20.Bg3 Nh5 21.Bf2 Nhf4 22.Nc3 Bf6
23.g3 Bxc3 24.bxc3 Ng6 25.f4 Nef8 26.c4 b4 27.c5 dxc5 28.Bxc5 a5 29.Kg2 Red8
30.Kf3 Nd7 31.Bf2 Nb6 32.Bb5 h6 33.h4 Rab8 34.h5 Nf8 35.g4 Nd5 36.Bh4 Rd6
37.e5 Rdb6 38.Rxd5 Rxb5 39.Red1 Ne6 40.Bf2 c5 41.Be3 c4 42.f5 Ng5+ 43.Bxg5 hxg5
44.Rxb5 Rxb5 45.Rd8+ Kh7 46.Ke4 a4 47.e6 f6 48.Kd4 b3 49.axb3 cxb3 50.cxb3 axb3
51.e7 b2 52.e8=Q  1-0

[Event "32nd TCh-IND w 2012"]
[Site "Panaji IND"]
[Date "2012.03.04"]
[Round "7"]
[White "Swathi,G"]
[Black "Vijayalakshmi,S"]
[Result "1-0"]
[WhiteElo "2274"]
[BlackElo "2415"]

1.e4 d6 2.d4 Nf6 3.Nc3 e5 4.Nf3 Nbd7 5.Bc4 Be7 6.O-O c6 7.a4 O-O 8.Ba2 Qc7
9.Re1 b6 10.Nh4 Re8 11.Nf5 Bf8 12.Bg5 h6 13.Be3 exd4 14.Bxd4 Ne5 15.Ng3 Bg4
16.f3 Be6 17.f4 Bxa2 18.Nxa2 Ned7 19.Qf3 d5 20.e5 Nh7 21.Nc3 Nc5 22.Nce2 Rad8
23.Bc3 Rd7 24.Kh1 Qd8 25.Nd4 Rc7 26.Ndf5 Nb7 27.Rad1 Rd7 28.Nxh6+ Kh8 29.Qh5 Qe7
30.e6 fxe6 31.Ngf5 exf5 32.Rxe7 Rexe7 33.Nxf5 Re6 34.Qg4 Nc5 35.Bd4 Re4 36.Nh4 Rf7
37.b3 Ne6 38.Be5 Nc5 39.Qg6 Re7 40.Nf5 Re6 41.Bxg7+  1-0

[Event "2nd Ferdynanda Dziedzica Mem"]
[Site "Trzcianka POL"]
[Date "2012.03.04"]
[Round "2"]
[White "Shirov,A"]
[Black "Sokolowski,Ry"]
[Result "1-0"]
[WhiteElo "2701"]
[BlackElo "2132"]

1.d4 d6 2.e4 Nf6 3.Nc3 e5 4.Nf3 Nbd7 5.Bc4 Be7 6.O-O O-O 7.a4 c6 8.Re1 b6
9.Ba2 a6 10.Nh4 exd4 11.Qxd4 Ne8 12.Nf5 Bf6 13.Qd1 Nc5 14.Qf3 Be6 15.Bf4 Bxa2
16.Rxa2 Ra7 17.Raa1 Be5 18.Rad1 Rd7 19.Bxe5 dxe5 20.Rxd7 Qxd7 21.Rd1 Qe6
22.b4 Nd7 23.Qd3 Ndf6 24.Qxa6 g6 25.Ne3 Nd6 26.f3 Rb8 27.Qa7 Nd7 28.Qc7  1-0

[Event "2nd Ferdynanda Dziedzica Mem"]
[Site "Trzcianka POL"]
[Date "2012.03.04"]
[Round "8"]
[White "Shirov,A"]
[Black "Pedzich,D"]
[Result "1-0"]
[WhiteElo "2701"]
[BlackElo "2409"]

1.e4 d6 2.d4 Nf6 3.Nc3 e5 4.Nf3 Nbd7 5.Bc4 Be7 6.O-O O-O 7.Re1 c6 8.a4 b6
9.Ba2 a6 10.Nh4 exd4 11.Qxd4 Nc5 12.Nf5 Bxf5 13.exf5 d5 14.a5 b5 15.Bg5 Nce4
16.Nxe4 Nxe4 17.Bxe7 Qxe7 18.f3 Qf6 19.c3 Nd6 20.g4 Rfe8 21.Qxf6 gxf6 22.Kf2 Kf8
23.b4 Re5 24.Rxe5 fxe5 25.f6 h6 26.h4 Ke8 27.Re1 e4 28.Bb1 Kd7 29.fxe4 dxe4
30.Bxe4 Re8 31.Kf3 Kc7 32.g5 hxg5 33.hxg5 Re5 34.Kf4 Re6 35.Re2 Re8 36.Bf3 Rxe2
37.Bxe2 Kd7  1-0

[Event "2nd Ferdynanda Dziedzica Mem"]
[Site "Trzcianka POL"]
[Date "2012.03.04"]
[Round "8"]
[White "Moiseenko,A1"]
[Black "Miton,K"]
[Result "1-0"]
[WhiteElo "2706"]
[BlackElo "2623"]

1.d4 d6 2.e4 Nf6 3.Nc3 Nbd7 4.g4 e5 5.g5 exd4 6.Qxd4 Ng8 7.Nf3 Ne7 8.Be3 Nc6
9.Qd2 Nde5 10.Nxe5 dxe5 11.Nd5 Bd6 12.O-O-O Be6 13.f4 exf4 14.Bxf4 O-O 15.h4 Bxd5
16.exd5 Ne5 17.Be2 Ng6 18.Bxd6 cxd6 19.h5 Ne5 20.Kb1 f5 21.gxf6 Qxf6 22.Rhg1 Qf4
23.Qa5 b6 24.Qa3 Qe3  1-0

[Event "12th Mediterranean Flower WGM"]
[Site "Rijeka CRO"]
[Date "2012.03.05"]
[Round "3"]
[White "Berke,A"]
[Black "Orehek,S"]
[Result "1/2-1/2"]
[WhiteElo "2159"]
[BlackElo "1992"]

1.e4 d6 2.d4 Nf6 3.Nc3 e5 4.Nf3 Nbd7 5.Bc4 Be7 6.O-O O-O 7.Re1 c6 8.a4 b6
9.h3 Rb8 10.Be3 a6 11.Ba2 b5 12.axb5 axb5 13.b4 Qc7 14.Bb3 exd4 15.Nxd4 Ne5
16.Nf5 Bxf5 17.exf5 Ra8 18.Rxa8 Rxa8 19.Bd4 h6 20.Qe2 Bd8 21.f4 Nc4 22.g4 d5
23.Be5 Qb6+ 24.Kh1 Nd7 25.Bxc4 bxc4 26.g5 hxg5 27.Rg1 Nxe5 28.fxe5 Ra3 29.e6 Qc7
30.Qh5 Rxc3 31.Re1 f6 32.Qe8+ Kh7 33.Qh5+ Kg8 34.Qe8+  1/2-1/2

[Event "PriFO Champ RUS 2012"]
[Site "Tolyatti RUS"]
[Date "2012.03.05"]
[Round "8.12"]
[White "Glidzhain,G"]
[Black "Severiukhina,Z"]
[Result "1/2-1/2"]
[WhiteElo "2381"]
[BlackElo "2279"]

1.e4 d6 2.d4 Nf6 3.Nc3 c6 4.f3 Nbd7 5.Be3 b5 6.g4 Nb6 7.b3 Qc7 8.a4 bxa4
9.Nxa4 Nxa4 10.Rxa4 g6 11.Qd2 h5 12.g5 Nd7 13.Bd3 Bg7 14.f4 Nb6 15.Ra5 e5
16.dxe5 dxe5 17.f5 gxf5 18.exf5 O-O 19.f6 Rd8 20.fxg7 e4 21.Bxb6 Qxb6 22.g6 Be6
23.Rxh5 exd3 24.Nf3 fxg6 25.Rh8+ Kf7 26.Ne5+ Kf6 27.Nxd3 Qd4 28.Rf1+ Bf5
29.Rxd8 Rxd8 30.Qf2 Kxg7 31.Qxd4+ Rxd4 32.Kd2 Rh4 33.Rf2 a5 34.Kc3 Kf6 35.Nb2 Ke6
36.Nc4 Kd5 37.Rd2+ Kc5 38.Nxa5 Rh3+ 39.Kb2 Bc8 40.c3 g5 41.Nc4 g4 42.Re2 Rh5
43.Rf2 Be6 44.Nd2 Re5 45.Kc2 Re3 46.Nf1 Re1 47.Ng3 Bd5 48.Rf4 Bf3 49.Rf5+ Kb6
50.Rh5 Re3 51.Kd2 Re8 52.Kd3 Rd8+ 53.Kc2 Bd1+ 54.Kb2 Rd2+ 55.Ka3 Rc2 56.Kb4 Rb2
57.Kc4 Bxb3+ 58.Kd3 Bd1 59.Rh8 Rg2  1/2-1/2

[Event "PriFO Champ RUS 2012"]
[Site "Tolyatti RUS"]
[Date "2012.03.05"]
[Round "8.24"]
[White "Kozionov,Kirill"]
[Black "Timofeeva,Ekaterina"]
[Result "1-0"]
[WhiteElo "2209"]
[BlackElo "2277"]

1.e4 d6 2.d4 Nf6 3.Nc3 c6 4.Bg5 h6 5.Bh4 Qa5 6.Qd2 b5 7.Bd3 Nbd7 8.f4 e5
9.Nf3 exf4 10.e5 dxe5 11.dxe5 Nh5 12.e6 Ndf6 13.exf7+ Kxf7 14.O-O-O Bc5 15.Ne5+ Kg8
16.Bf2 Bxf2 17.Qxf2 Ng4 18.Qe2 Nhf6 19.Nxc6 Qb6 20.Ne7+ Kf8 21.Ncd5 Nxd5
22.Nxd5 Qd6 23.Bxb5 Bf5 24.Ne3 Qe6 25.Nxf5  1-0

[Event "European Ind w 2012"]
[Site "Gaziantep TUR"]
[Date "2012.03.06"]
[Round "5"]
[White "Bronnikova,E"]
[Black "Michna,Mart"]
[Result "0-1"]
[WhiteElo "2252"]
[BlackElo "2383"]

1.e4 d6 2.d4 Nf6 3.Nc3 c6 4.Nf3 Bg4 5.h3 Bh5 6.Bd3 e6 7.Be3 Be7 8.g4 Bg6
9.g5 Nfd7 10.Qd2 d5 11.h4 Bh5 12.Be2 Bb4 13.exd5 cxd5 14.a3 Qa5 15.Rb1 Bxc3
16.Qxc3 Qxc3+ 17.bxc3 b6 18.Rh3 Ke7 19.c4 dxc4 20.Bxc4 Nc6 21.Nd2 Bg6 22.Rb2 Na5
23.Ba6 Nb8 24.Be2 Bf5 25.Rg3 Nbc6 26.c3 Rhd8 27.Bf4 Kf8 28.Ba6 Ne7 29.Nf1 Ng6
30.Bd2 Nxh4 31.Ne3 Be4 32.Ke2 Nf5 33.Nxf5 Bxf5 34.Bf4 Be4 35.Rh3 Kg8 36.f3 Bg6
37.Be5 Nc6 38.Bf4 Ne7 39.Bb7 Nd5 40.Be5 Nxc3+ 41.Ke1 Nd5 42.Bxa8 Rxa8 43.Rh1 Rc8
44.Kf2 f6 45.gxf6 gxf6 46.Bd6 Rc4 47.Rd1 Kf7 48.Rdd2 Ke8 49.Bb8 Ra4 50.Bd6 Kd7
51.Bf8 Rc4 52.Ra2 a5 53.Ra1 Rc3 54.Re2 Bh5 55.Rh1 Rxf3+ 56.Ke1 Bg6 57.Rh4 Rd3
58.Rb2 Rc3 59.Kd2 Rc4 60.Bh6 Kc6 61.Ra2 a4 62.Be3 Rc3 63.Bh6 Rg3 64.Ke1 Rb3
65.Bd2 b5 66.Ra1 Nb6 67.Bb4 Nc4 68.Rf4 Bf5 69.Be7 Kd5 70.Rc1 h5 71.Kf2 Rd3
72.Rb1 Rd2+  0-1

[Event "12th Mediterranean Flower WGM"]
[Site "Rijeka CRO"]
[Date "2012.03.06"]
[Round "5"]
[White "Berke,A"]
[Black "Srebrnic,A"]
[Result "0-1"]
[WhiteElo "2159"]
[BlackElo "2191"]

1.e4 d6 2.d4 Nf6 3.Nc3 e5 4.Nf3 Nbd7 5.Bc4 Be7 6.O-O O-O 7.Re1 a6 8.a4 b6
9.h3 Bb7 10.Ba2 b5 11.axb5 axb5 12.b4 d5 13.Bb2 dxe4 14.Nxe5 Bxb4 15.Qe2 c6
16.Red1 Nb6 17.Nxe4 Nxe4 18.Qxe4 Na4 19.Nxf7 Rxf7 20.Bxf7+ Kxf7 21.Ba3 Bc3
22.Rab1 Kg8 23.Qe6+ Kh8 24.Rd3 Qd5 25.Qg4 Bc8 26.Qf4 Bf5 27.Rg3 Bg6 28.Rd1 b4
29.Rg5 Qd7 30.Bxb4 Bxb4 31.d5 Nc3 32.Rd2 Ra1+ 33.Kh2 Bd6 34.Re5 Ra8 35.g3 Nxd5
36.Qg5 Bxe5 37.Qxe5 Re8 38.Qd4 Qf5 39.c4 Nf6 40.Ra2 h6 41.Qd6 Qf3  0-1

[Event "28th Cappelle Open"]
[Site "Cappelle la Grande FRA"]
[Date "2012.03.07"]
[Round "6.34"]
[White "Padeiro,J"]
[Black "Solak,D"]
[Result "0-1"]
[WhiteElo "2315"]
[BlackElo "2602"]

1.e4 d6 2.d4 Nf6 3.Nc3 e5 4.dxe5 dxe5 5.Qxd8+ Kxd8 6.Bc4 Ke8 7.f3 c6 8.a4 Nbd7
9.a5 Rb8 10.Nh3 Bd6 11.Nf2 b5 12.axb6 axb6 13.O-O b5 14.Rd1 Bc5 15.Be2 Ke7
16.Kf1 Bb7 17.Nd3 Bd4 18.Nb1 Ra8 19.Rxa8 Rxa8 20.c3 Bb6 21.Na3 Ne8 22.b3 Nc7
23.Bb2 Ne6 24.Nc2 f6 25.Ra1 Rd8 26.Bc1 Kd6 27.b4 Kc7 28.g3 g6 29.Be3 f5 30.exf5 gxf5
31.f4 Bxe3 32.Nxe3 exf4 33.Nxf4 Nxf4 34.gxf4 Nf6 35.Nxf5 Nd5 36.Nd4 Kb6 37.Ne6 Rd6
38.Nc5 Nxc3 39.Bf3 Rd4 40.Re1 Rxf4 41.Kg2 Rxb4 42.Nd7+ Kc7 43.Re7 Kd6 44.Rxh7 Rb2+
45.Kf1 Nd5 46.Nf8 Bc8 47.Rh6+ Kc5 48.Ng6 Ne3+ 49.Kg1 Nf5 50.Rh5 Kb6 51.Ne5 Nd4
52.Bg2 Ne2+ 53.Kf1 Nf4 54.Rh6 Nxg2 55.Rxc6+ Kb7 56.Rh6 Ne3+ 57.Ke1 Bg4 58.Rh7+ Kb6  0-1

[Event "Reykjavik Open"]
[Site "Reykjavik ISL"]
[Date "2012.03.07"]
[Round "2.20"]
[White "Hobber,A"]
[Black "Williams,Si1"]
[Result "0-1"]
[WhiteElo "2224"]
[BlackElo "2506"]

1.d4 d6 2.e4 Nf6 3.Nc3 Nbd7 4.g3 e5 5.Nge2 g6 6.Bg2 Bg7 7.O-O O-O 8.Re1 c6
9.a4 a5 10.h3 Re8 11.Be3 Qc7 12.Qd2 exd4 13.Nxd4 Nc5 14.Bf4 Nfd7 15.b3 Ne5
16.Kh2 Ned3 17.cxd3 Bxd4 18.Rab1 Be6 19.Qc2 Na6 20.Rec1 Nb4 21.Qd2 Qb6 22.Ne2 Bg7
23.Be3 Qa6 24.Nf4 d5 25.Nxe6 fxe6 26.d4 Rac8 27.Bf1 Qa7 28.e5 b6 29.f4 c5
30.h4 Bf8 31.h5 Qf7 32.hxg6 hxg6 33.Qf2 Rc7 34.Bd2 Qf5 35.Bxb4 axb4 36.Qd2 Rh7+
37.Kg1 cxd4 38.Bd3 Qg4 39.Qg2 Bc5 40.Kf2 Rf8 41.Rh1 Rh5 42.Qf3 Qxf3+ 43.Kxf3 Rxe5
44.Rbe1 Rxe1 45.Rxe1 Kg7 46.Rh1  0-1

[Event "12th Mediterranean Flower WGM"]
[Site "Rijeka CRO"]
[Date "2012.03.07"]
[Round "7"]
[White "Partac,E"]
[Black "Orehek,S"]
[Result "1-0"]
[WhiteElo "2086"]
[BlackElo "1992"]

1.e4 d6 2.d4 Nf6 3.Nc3 e5 4.Nf3 Nbd7 5.Bc4 Be7 6.h3 c6 7.a4 O-O 8.O-O Qc7
9.a5 Nxe4 10.Nxe4 d5 11.Bxd5 cxd5 12.Nc3 Bd6 13.Nxd5 Qc4 14.dxe5 Nxe5 15.Nxe5 Bxe5
16.Re1 Bd4 17.Ne7+ Kh8 18.c3 Bf6 19.Ra4 Qb5 20.Rb4 Qxa5 21.Nxc8 Raxc8 22.Rxb7 Rcd8
23.Rd7 Rb8 24.Qd6 Rbe8 25.Be3 Qa2 26.Qd2 a5 27.Bc5 Rxe1+ 28.Qxe1 Rc8 29.Ba3 h6
30.Rd3 Qc4 31.Re3 Qb3 32.Re8+ Rxe8 33.Qxe8+ Kh7 34.Qe4+ Kg8 35.Qa8+ Kh7 36.Qxa5 Qd1+
37.Kh2 Qc2 38.Qc5 Bh4 39.g3 Be7 40.Qe3 Bg5 41.Qf3 Qb3 42.Qe4+ Kg8 43.Qb4 Qc2
44.Qf8+ Kh7 45.Qxf7 Be3 46.Kg2 Bb6 47.Bf8 Qe4+ 48.Qf3  1-0

[Event "28th Cappelle Open"]
[Site "Cappelle la Grande FRA"]
[Date "2012.03.08"]
[Round "7.44"]
[White "Peric,Sl"]
[Black "Vorobiov,E"]
[Result "0-1"]
[WhiteElo "2237"]
[BlackElo "2580"]

1.d4 Nf6 2.Nc3 d6 3.e4 Nbd7 4.Nf3 e5 5.Bc4 Be7 6.O-O O-O 7.a4 c6 8.Re1 a5
9.h3 h6 10.Be3 Re8 11.Qd3 Qc7 12.Ba2 Nf8 13.Rad1 Ng6 14.Nd2 exd4 15.Bxd4 Nd7
16.Qg3 Nde5 17.Rf1 Bh4 18.Qh2 Be6 19.Bxe6 fxe6 20.f4 Nd7 21.f5 Nge5 22.Nf3 Bf6
23.Nxe5 Nxe5 24.Kh1 Qf7 25.Qf4 exf5 26.Qxf5 Rf8 27.b3 Qe7 28.Qh5 Bg5 29.Qe2 Bf4
30.Be3 Ng6 31.Bxf4 Nxf4 32.Qg4 Qe5 33.Rf3 Rf6 34.Rdf1 Raf8 35.Qg3 Kh7 36.Qh2 Qg5
37.Qg3 Qxg3 38.Rxg3 Ne2  0-1

[Event "28th Cappelle Open"]
[Site "Cappelle la Grande FRA"]
[Date "2012.03.08"]
[Round "7"]
[White "Vera Gonzalez Quevedo,R"]
[Black "Bauer,Ch"]
[Result "1/2-1/2"]
[WhiteElo "2482"]
[BlackElo "2679"]

1.d4 d6 2.Nc3 Nf6 3.e4 Nbd7 4.g4 h6 5.Bg2 e5 6.Be3 c6 7.h3 b5 8.a3 a5 9.Nge2 Ba6
10.b4 g6 11.O-O Bg7 12.f4 O-O 13.dxe5 dxe5 14.f5 Qe7 15.Rb1 Rfd8 16.Ng3 g5
17.Qe1 axb4 18.axb4 Bb7 19.Bf3 Bf8 20.Rf2 Ra3 21.Rh2 Rda8 22.Nf1 Ne8 23.h4 Nd6
24.hxg5 hxg5 25.Be2 f6 26.Bd3 Qf7 27.Qd2 Bc8 28.Ng3 Nc4 29.Bxc4 Qxc4 30.Nge2 Ra1
31.Rxa1 Rxa1+ 32.Kg2 Bxb4 33.Bxg5 Be7 34.Bh4 b4 35.Qh6 bxc3 36.Qg6+ Kf8 37.Bf2 Qg8
38.Qh6+ Ke8 39.Qg6+ Kf8 40.Qh6+ Ke8 41.Qg6+ Kf8  1/2-1/2

[Event "Reykjavik Open"]
[Site "Reykjavik ISL"]
[Date "2012.03.08"]
[Round "3.7"]
[White "Gunnarsson,J"]
[Black "Hess,Ro"]
[Result "0-1"]
[WhiteElo "2424"]
[BlackElo "2635"]

1.e4 d6 2.d4 Nf6 3.Nc3 c6 4.f4 Qa5 5.Bd3 e5 6.dxe5 dxe5 7.f5 Bc5 8.Qe2 Qb6
9.Nf3 Nbd7 10.a3 O-O 11.b4 Be7 12.Be3 Qc7 13.O-O b5 14.Kh1 Bb7 15.Nd2 a6
16.Nd1 a5 17.Rb1 c5 18.c3 axb4 19.axb4 c4 20.Bc2 Ra2 21.Rc1 Rfa8 22.Nf2 Ne8
23.Bb1 Ra1 24.g4 Nd6 25.Qf3 Bh4 26.g5 Bxf2 27.Bxf2 Rxb1 28.Rxb1 Ra2  0-1

[Event "Reykjavik Open"]
[Site "Reykjavik ISL"]
[Date "2012.03.08"]
[Round "3.12"]
[White "Moen,A"]
[Black "Avrukh,B"]
[Result "0-1"]
[WhiteElo "2360"]
[BlackElo "2591"]

1.e4 d6 2.d4 Nf6 3.Nc3 e5 4.Nf3 Nbd7 5.Bc4 Be7 6.O-O O-O 7.a4 a6 8.a5 h6
9.Qe2 exd4 10.Nxd4 Ne5 11.Ba2 c5 12.Nf5 Bxf5 13.exf5 Qd7 14.Nd5 Rae8 15.Nxf6+ Bxf6
16.Bd5 Nc6 17.Qg4 Re5 18.Bxc6 bxc6 19.Qc4 Ra8 20.g4 d5 21.Qxc5 Re4 22.h3 h5
23.g5 Be5 24.Kg2 Qxf5 25.Ra3 Rc4 26.Qe7 Rxc2 27.Rf3 Qe6 28.Qb7 Rb8 29.Qxa6 Bxb2
30.Bxb2 Rcxb2 31.Rc1 Qe5 32.Rxc6 Qxg5+ 33.Kh2 Qe5+ 34.Kg2 Qg5+ 35.Kh2 Qd8
36.Rd6 Qc7 37.Kg2 Rd8 38.Rxd8+ Qxd8 39.Qa7 Qg5+ 40.Rg3 Qf6 41.a6 Kh7 42.Rf3 Qg6+
43.Rg3 Qe4+ 44.Rf3 f6 45.Qd7 Kg6 46.a7 Ra2 47.h4 d4 48.Kg3 Ra1 49.Qc7  0-1

[Event "6th Agzamov Memorial"]
[Site "Tashkent UZB"]
[Date "2012.03.08"]
[Round "3"]
[White "Filippov,An UZB"]
[Black "Karimov,I"]
[Result "1/2-1/2"]
[WhiteElo "2637"]
[BlackElo "2324"]

1.e4 d6 2.d4 Nf6 3.Nc3 Nbd7 4.f4 e5 5.dxe5 dxe5 6.fxe5 Nxe5 7.Qxd8+ Kxd8
8.Nf3 Nfd7 9.Bf4 Bd6 10.Bg3 c6 11.O-O-O Ke7 12.Be2 f6 13.a3 Nf7 14.Bf2 Be5
15.Nxe5 Ndxe5 16.Bc5+ Ke8 17.h3 b6 18.Bf2 Be6 19.b3 Ke7 20.a4 Rhd8 21.a5 Rxd1+
22.Rxd1 Nd7 23.Kb2 Rb8 24.Ra1 Rb7 25.axb6 axb6 26.Ra6 Nd6 27.Bd3 c5 28.Be2 Nb8
29.Ra8 Nc6 30.Be3 Kd7 31.Bf4 Ne5 32.Ba6 Rc7 33.Nb5 Nxb5 34.Bxb5+ Ke7 35.Re8+ Kf7
36.Rb8 c4 37.Bxe5 fxe5 38.Rxb6 cxb3 39.cxb3 g5 40.Ba6 h5 41.Be2 h4 42.Rb4 Ke7
43.Bc4 Bxc4 44.Rxc4 Rd7 45.Kc3 Kd6 46.Kd3 Rf7 47.Ke2 Rf4 48.Ke3 g4 49.Rd4+ Ke6
50.Rd3 gxh3 51.gxh3 Rf1 52.Ke2 Rb1 53.Kf3 Rf1+ 54.Ke2 Rb1 55.Re3 Kd6 56.Kf3 Rf1+
57.Ke2 Rb1 58.Rd3+ Ke6 59.Rc3 Kd6  1/2-1/2

[Event "ch-CZE U20 2012"]
[Site "Kouty nad Desnou CZE"]
[Date "2012.03.09"]
[Round "1"]
[White "Bures,J"]
[Black "Plat,V"]
[Result "0-1"]
[WhiteElo "2405"]
[BlackElo "2436"]

1.e4 d6 2.d4 Nf6 3.Nc3 e5 4.Nf3 Nbd7 5.Bc4 Be7 6.O-O O-O 7.Re1 c6 8.a4 b6
9.b3 Bb7 10.Bb2 a6 11.Bd3 Qc7 12.Ne2 d5 13.dxe5 dxe4 14.exf6 Bxf6 15.Bxf6 Nxf6
16.Ng3 exd3 17.Qxd3 Rad8 18.Qc3 c5 19.a5 b5 20.Nf5 Rfe8 21.Rxe8+ Rxe8 22.Re1 Be4
23.N3h4 Qd8 24.h3 Qd5 25.g4 b4 26.Qe3 h6 27.Qc1 Qd8 28.f3 Bxf5 29.Rxe8+ Qxe8
30.Nxf5 Qe2 31.Qf1 Qxc2 32.Qxa6 c4 33.Qc8+ Kh7 34.Qf8 Qb1+ 35.Kh2 Qb2+ 36.Kg3 Qe5+
37.f4 Qc3+ 38.Kg2 Nd5  0-1

[Event "TCh-AUT 2 West 2011-12"]
[Site "Salzburg AUT"]
[Date "2012.03.09"]
[Round "9"]
[White "Platzgummer,F"]
[Black "Eisenbeiser,A"]
[Result "1/2-1/2"]
[WhiteElo "2305"]
[BlackElo "2419"]

1.e4 d6 2.d4 Nf6 3.Nc3 e5 4.Nf3 Nbd7 5.Bc4 Be7 6.O-O O-O 7.Re1 a6 8.a4 b6
9.Ba2 Bb7 10.h3 Re8 11.Ng5 Rf8 12.Nf3 Re8 13.Ng5 Rf8 14.Nf3 Re8  1/2-1/2

[Event "Zagreb Open A"]
[Site "Zagreb CRO"]
[Date "2012.03.09"]
[Round "5.6"]
[White "Spasov,V"]
[Black "Zaja,I"]
[Result "1/2-1/2"]
[WhiteElo "2571"]
[BlackElo "2516"]

1.e4 d6 2.d4 Nf6 3.Nc3 e5 4.Nf3 Nbd7 5.Bc4 Be7 6.O-O O-O 7.Re1 c6 8.a4 a5
9.h3 Nb6 10.Ba2 Nfd7 11.Be3 exd4 12.Qxd4 Nc5 13.Rad1 Be6 14.Bxe6 fxe6 15.e5 d5
16.Qg4 Qe8 17.b3 Nbd7 18.Ne2 Qg6 19.Qxg6 hxg6 20.Ned4 Rfc8 21.g3 Nf8 22.Kg2 Ne4
23.Rh1  1/2-1/2

[Event "Zagreb Open A"]
[Site "Zagreb CRO"]
[Date "2012.03.09"]
[Round "5.15"]
[White "Zelic,Z"]
[Black "Ostovic,M"]
[Result "0-1"]
[WhiteElo "2404"]
[BlackElo "2304"]

1.e4 d6 2.d4 Nf6 3.Nc3 e5 4.Nf3 Nbd7 5.Bc4 Be7 6.O-O O-O 7.Re1 c6 8.a4 a5
9.h3 exd4 10.Nxd4 Nc5 11.Nb3 Nxb3 12.Bxb3 Be6 13.Bf4 Bxb3 14.cxb3 Re8 15.Qd4 Ra6
16.Rad1 Qb6 17.Bxd6 Qxd4 18.Rxd4 c5 19.Bxe7 cxd4 20.Bxf6 Rxf6 21.Nd5 Rd6
22.Kf1 Rc6 23.b4 Rc2 24.Rb1 Rxe4  0-1